| 000 | 00534nam a2200169 i 4500 | ||
|---|---|---|---|
| 001 | 72790 | ||
| 003 | ES-MaACL | ||
| 005 | 20230906171546.0 | ||
| 007 | t| | ||
| 008 | 040903s1968 sp ||||1| spa d | ||
| 100 | 1 |
_aGodin, André. _957525 |
|
| 245 | 1 | 0 |
_aAdulto y niño ante Dios _b: estudios de psicología religiosa / _cAndré Godin ; tradujo Julio C. Nieto Berrocal. |
| 260 |
_aSalamanca : _bSígueme, _c1968. |
||
| 300 |
_a307 p. ; _c19 cm. |
||
| 700 | 1 |
_aNieto Berrocal, Julio C. _985675 |
|
| 852 |
_aES-MaACL _jC-50329 _bR.66946 |
||
| 999 |
_c72790 _d72790 |
||